[Event "GER Cup19 sf22 serv"]
[Site "GER email"]
[Date "2013.07.14"]
[Round "?"]
[White "Chbib, Nabil"]
[Black "Schmidt, Horst W"]
[Result "1/2-1/2"]
[WhiteElo "1865"]
[BlackElo "1998"]
[PlyCount "50"]
[EventDate "2013.07.20"]
[EventType "tourn (corr)"]
[EventRounds "6"]
[EventCountry "GER"]
[SourceTitle "Corr 2015"]
[Source "ChessBase"]
[SourceDate "2015.07.17"]
[SourceVersion "1"]
[SourceVersionDate "2015.07.17"]
[SourceQuality "1"]

1. d4 Nf6 2. c4 e6 3. g3 Bb4+ 4. Bd2 Be7 5. Bg2 d5 6. Nf3 0-0 7. 0-0 c6 8. Qc2 Nbd7 9. Bf4 h6 10. Rd1 b6 11. Ne5 Bb7 12. Nc3 g5 13. cxd5 cxd5 14. Be3 Rc8 15. Rac1 b5 16. Qd2 a6 17. h4 Nxe5 18. dxe5 Nd7 19. Bd4 gxh4 20. Qxh6 Bg5 21. Qh5 Bxc1 22. Rxc1 Qe7 23. Qg4+ Kh7 24. Qh5+ Kg7 25. Qg4+ Kh7 1/2-1/2

[Event "GER MS-173 email"]
[Site "GER email"]
[Date "2013.01.26"]
[Round "?"]
[White "Chbib, Nabil"]
[Black "Wurtinger, Rainer"]
[Result "1/2-1/2"]
[WhiteElo "1795"]
[BlackElo "2166"]
[PlyCount "108"]
[EventDate "2013.02.08"]
[EventType "tourn (corr)"]
[EventRounds "6"]
[EventCountry "GER"]
[SourceTitle "Corr 2015"]
[Source "ChessBase"]
[SourceDate "2015.07.17"]
[SourceVersion "1"]
[SourceVersionDate "2015.07.17"]
[SourceQuality "1"]

1. d4 Nf6 2. c4 e6 3. g3 d5 4. Nf3 dxc4 5. Bg2 a6 6. 0-0 Nc6 7. Nc3 Rb8 8. e4 Be7 9. Qe2 b5 10. Rd1 0-0 11. d5 exd5 12. e5 d4 13. exf6 Bxf6 14. Qe4 Bb7 15. Nd5 Nb4 16. Nxf6+ Qxf6 17. Qf4 c5 18. Qxf6 gxf6 19. Bf4 Rbd8 20. Bc7 Rc8 21. Bd6 Rfd8 22. Be7 Re8 23. Bxf6 Nd3 24. Rd2 Rc6 25. Bxd4 cxd4 26. Nxd4 Rc7 27. Bxb7 Rxb7 28. Nf5 Rd7 29. Rad1 Red8 30. Ne3 Kf8 31. Kf1 Ke7 32. Re2 Kf6 33. a4 h5 34. Ra1 Re7 35. Rd2 Re4 36. Ng2 Red4 37. Ne3 R4d6 38. Rad1 Rd4 39. Ra1 R4d6 40. axb5 axb5 41. Ra5 Rb6 42. Ng2 Re8 43. Ra1 Re4 44. Rb1 Rbe6 45. b3 h4 46. Ne3 hxg3 47. hxg3 Kg6 48. bxc4 bxc4 49. Nxc4 Nxf2 50. Rxf2 Rxc4 51. Rb8 f6 52. Kg2 Rc3 53. Rf4 Re2+ 54. Kh3 Ree3 1/2-1/2

[Event "GER MS-155 email"]
[Site "GER email"]
[Date "2012.03.12"]
[Round "?"]
[White "Bachmann, Bernd"]
[Black "Chbib, Nabil"]
[Result "1/2-1/2"]
[WhiteElo "2127"]
[BlackElo "1607"]
[PlyCount "75"]
[EventDate "2012.03.19"]
[EventType "tourn (corr)"]
[EventRounds "6"]
[EventCountry "GER"]
[SourceTitle "Corr 2015"]
[Source "ChessBase"]
[SourceDate "2015.07.17"]
[SourceVersion "1"]
[SourceVersionDate "2015.07.17"]
[SourceQuality "1"]

1. d4 Nf6 2. c4 g6 3. Nc3 d5 4. cxd5 Nxd5 5. e4 Nxc3 6. bxc3 Bg7 7. Bc4 c5 8. Ne2 Nc6 9. Be3 0-0 10. 0-0 Bg4 11. f3 Bd7 12. dxc5 Qc7 13. Bb3 Rfd8 14. Qc2 Na5 15. Rad1 e6 16. Kh1 Be8 17. Nf4 Nxb3 18. axb3 a5 19. Rxd8 Rxd8 20. Rc1 Qd7 21. Ra1 f5 22. h4 fxe4 23. Qxe4 e5 24. Nh3 Qd3 25. Bg5 Qxe4 26. fxe4 Ra8 27. Nf2 a4 28. bxa4 Rxa4 29. Rxa4 Bxa4 30. Be3 Kf7 31. g4 Ke6 32. Kg2 h6 33. Kg3 Bf8 34. g5 hxg5 35. hxg5 Bb5 36. Nd1 Bc6 37. Kf3 Ba4 38. Nf2 1/2-1/2

[Event "GER MS-155 email"]
[Site "GER email"]
[Date "2012.03.12"]
[Round "?"]
[White "Chbib, Nabil"]
[Black "Garus, Edward"]
[Result "1-0"]
[WhiteElo "1607"]
[BlackElo "2037"]
[PlyCount "131"]
[EventDate "2012.03.19"]
[EventType "tourn (corr)"]
[EventRounds "6"]
[EventCountry "GER"]
[SourceTitle "Corr 2015"]
[Source "ChessBase"]
[SourceDate "2015.07.17"]
[SourceVersion "1"]
[SourceVersionDate "2015.07.17"]
[SourceQuality "1"]

1. d4 Nf6 2. c4 e6 3. g3 Bb4+ 4. Bd2 Qe7 5. Nf3 Nc6 6. Nc3 Bxc3 7. Bxc3 Ne4 8. Rc1 d6 9. d5 Nxc3 10. Rxc3 Nd8 11. Bg2 0-0 12. 0-0 e5 13. Nd2 b6 14. f4 exf4 15. gxf4 Nb7 16. f5 Re8 17. Rf2 Qh4 18. Rg3 Nc5 19. b4 Nd7 20. e3 a5 21. Rf4 Qf6 22. Ne4 Rxe4 23. Rxe4 Ne5 24. c5 bxc5 25. bxc5 Qxf5 26. Rf4 Qd7 27. Qh5 g6 28. Qg5 Ba6 29. h4 Bd3 30. e4 a4 31. Rf5 Bb1 32. h5 Qd8 33. hxg6 hxg6 34. Qf4 Qf8 35. Rh5 Qg7 36. Rh6 Bxa2 37. cxd6 cxd6 38. Rgh3 g5 39. Rh8+ Qxh8 40. Rxh8+ Kxh8 41. Qf6+ Kg8 42. Qxd6 Re8 43. Qf6 g4 44. d6 a3 45. Qe7 Rxe7 46. dxe7 Be6 47. e8Q+ Kg7 48. Qe7 a2 49. Qg5+ Ng6 50. Qc1 Nf4 51. Qa1+ Kg8 52. Kh2 Kh7 53. Kg3 Nxg2 54. Kxg2 Kg8 55. Kg3 Kf8 56. Qh8+ Ke7 57. Qd4 Kf8 58. Qa7 Kg7 59. Kf4 Kg6 60. Qd4 Bd7 61. Qh8 Be6 62. Qg8+ Kh6 63. Qg5+ Kh7 64. Qf6 Kg8 65. Kg5 Kh7 66. Qe5 1-0

[Event "GER HS-097 email"]
[Site "GER email"]
[Date "2011.02.28"]
[Round "?"]
[White "Chbib, Nabil"]
[Black "Harf, Heinz"]
[Result "1-0"]
[WhiteElo "1470"]
[BlackElo "2012"]
[PlyCount "83"]
[EventDate "2011.03.08"]
[EventType "tourn (corr)"]
[EventRounds "6"]
[EventCountry "GER"]
[SourceTitle "Corr 2015"]
[Source "ChessBase"]
[SourceDate "2015.07.17"]
[SourceVersion "1"]
[SourceVersionDate "2015.07.17"]
[SourceQuality "1"]
[WhiteTeam "Germany"]
[BlackTeam "Germany"]
[WhiteTeamCountry "GER"]
[BlackTeamCountry "GER"]

1. d4 Nf6 2. c4 e6 3. g3 d5 4. Nf3 dxc4 5. Bg2 a6 6. 0-0 Nc6 7. Nc3 Rb8 8. e4 Be7 9. Qe2 Nxd4 10. Nxd4 Qxd4 11. Rd1 Qb6 12. Be3 Qa5 13. Bd2 Qc5 14. e5 Nd7 15. Ne4 Qxe5 16. Bc3 Qf5 17. Qxc4 c5 18. Bxg7 Rg8 19. Bh6 Nb6 20. Qb3 Nd5 21. Nc3 c4 22. Qxc4 Rg4 23. Be4 Qf6 24. Bd2 Bd7 25. Qd3 Rxe4 26. Nxe4 Qg7 27. Rac1 Bb5 28. Qb3 Qg4 29. Re1 Kf8 30. a4 Be8 31. Rc4 Qh5 32. Nc3 Nf6 33. Bf4 b5 34. Rc7 Bd7 35. Ne4 Rd8 36. Qc3 Ng8 37. axb5 axb5 38. Bd6 Bxd6 39. Nxd6 Qd5 40. Qb4 Ne7 41. Qf4 Nf5 42. Ne4 1-0